000 00497nam a2200169 i 4500
001 45928
003 ES-MaACL
005 20230906161312.0
007 t|
008 030327s1964 sp ||||1| spa d
100 1 _aCole, H. H.
_939565
245 1 0 _aProducción animal /
_cH. H. Cole ; traducido por Jaime Essain Escobar.
260 _aZaragoza :
_bAcribia,
_c1964.
300 _aXII, 840 p. :
_bil. ;
_c24 cm.
700 0 _aEsaín Escobar, Jaime.
_947449
852 _aES-MaACL
_jC-25589
_bR.54378
999 _c45928
_d45928